Statistics for Football/soccer players to score 15 goals in the EPL

Click here to take the quiz!

General Stats

  • This quiz has been taken 1,933 times
    (1,877 since last reset)
  • The average score is 34 of 74

Answer Stats

SeasonNumber of GoalsAnswer% Correct
16Wayne Rooney
90%
26Wayne Rooney
90%
27Wayne Rooney
90%
2012/201326Robin Van Persie
82%
2011/201230Robin Van Persie
82%
18Robin Van Persie
82%
2001/200224Thierry Henry
82%
2003/200430Thierry Henry
82%
2004/200525Thierry Henry
82%
2005/200627Thierry Henry
82%
24Thierry Henry
82%
2006/200720Didier Drogba
81%
2009/201029Didier Drogba
81%
16Frank Lampard
80%
22Frank Lampard
80%
23Sergio Arguro
77%
16Steven Gerrard
74%
2007/200831Christiano Ronaldo
73%
18Christiano Ronaldo
73%
17Christiano Ronaldo
73%
23Luis Suarez
69%
23Alan Shearer
65%
22Alan Shearer
65%
17Alan Shearer
65%
18Fernando Torres
63%
24Fernando Torres
63%
19Michael Owen
61%
19Michael Owen
61%
16Michael Owen
61%
15Demba Ba
57%
16Demba Ba
57%
15Dimitar Berbatov
54%
15Dimitar Berbatov
54%
2010/201120Dimitar Berbatov
54%
20Carlos Tevez
51%
23Carlos Tevez
51%
21Ruud van Nistelrooy
51%
2002/200325Ruud Van Nistelrooy
51%
23Ruud van Nistelrooy
51%
20Ruud Van Nistelrooy
51%
18Jermain Defoe
47%
2008/200919Nicolas Anelka
44%
17Nicolas Anelka
44%
24Darren Bent
41%
17Darren Bent
41%
18Darren Bent
41%
15Robbie Keane
35%
16Robbie Keane
35%
21Gareth Bale
31%
17Romelu Lukaku
30%
17Emmanuel Adebayor
28%
24Emmanuel Adebayor
28%
23Jimmy Floyd Hasselbaink
25%
19Christian Benteke
21%
15Cesc Fabregas
16%
17Ole Gunnar Solskjaer
14%
20Louis Saha
13%
20Mark Viduka
13%
18Michu
13%
16Yakubu Aiyegbeni
12%
15Yakubu Aiyegbeni
12%
17Yakubu Aiyegbeni
12%
21Andrew Johnson
11%
15Frank Lampard
10%
15Rickie Lambert
10%
23James Beattie
8%
17Clint Dempsey
6%
15Grant Holt
5%
19Roque Santa Cruz
4%
18Benedict McCarthy
3%
15Benjani Mwaruwari
2%
17Mikael Forssell
1%
15Peter Odemwingie
1%
16Juan Pablo Angel
0%

Score Distribution

Percentile by Number Answered

Percent of People with Each Score

Your Score History

You have not taken this quiz since the last reset